Top 30 : Dua Lipa - Statistiques

Statistiques générales
  • Ce quiz a été pris 77 fois
  • Le résultat moyen est 17 sur 30
Statistiques - réponses
Top Titres Featuring % Correct
23 Fever Angèle
92%
14 Houdini
90%
4 Levitating DaBaby
89%
11 Levitating
89%
2 One Kiss Calvin Harris
84%
5 New Rules
76%
3 Cold Heart Elton John, PNAU
75%
1 Don't Start Now
73%
12 Physical
71%
19 Training Season
70%
16 Love Again
67%
10 Dance The Night
63%
7 No Lie Sean Paul
62%
6 IDGAF
59%
17 Be the One
57%
28 Illusion
56%
15 Prisoner Miley Cyrus
54%
9 Break My Heart
51%
25 Hallucinate
48%
24 Sweetest Pie Megan Thee Stallion
48%
20 Electricity Silk City
46%
13 Un Día (One Day) J Balvin, Bad Bunny, Tainy
46%
27 Pretty Please
38%
8 Scared to Be Lonely Martin Garrix
38%
18 Kiss and Make Up BLACKPINK
37%
21 Blow Your Mind (Mwah)
35%
30 Potion Calvin Harris, Young Thug
33%
26 Hotter Than Hell
32%
22 We’re Good
24%
29 Homesick
11%
Aucun quiz correspondant
Distribution des résultats
% des personnes avec chaque résultat
Percentile par nombre de réponses
Votre historique - résultats
Vous n’avez pas pris ce quiz